[Event "Innsbruck op"]
[Site "Innsbruck"]
[Date "2024.08.31"]
[Round "9"]
[White "Nissinen, Niilo Man"]
[Black "Seifert, Volker"]
[Result "0-1"]
[WhiteElo "2211"]
[BlackElo "2260"]
[PlyCount "84"]
[EventDate "2024.08.24"]
[EventType "swiss"]
[EventRounds "9"]
[EventCountry "AUT"]
[SourceTitle "CBM 221 Extra"]
[Source "ChessBase"]
[SourceDate "2024.09.30"]
[SourceVersion "1"]
[SourceVersionDate "2024.09.30"]
[SourceQuality "1"]

1. e4 e6 2. d4 d5 3. e5 c5 4. c3 Ne7 5. Nf3 Nec6 6. Be2 b6 7. 0-0 Ba6 8. Bxa6 Nxa6 9. Qd2 h6 10. h4 cxd4 11. cxd4 Qd7 12. Na3 Bxa3 13. bxa3 Na5 14. Qd3 Nb8 15. Nd2 Nbc6 16. Rb1 Ne7 17. Bb2 Rc8 18. Rfc1 0-0 19. Bc3 Nc4 20. Bb4 Nxd2 21. Bxd2 Rxc1+ 22. Bxc1 Rc8 23. Bb2 Qa4 24. Ba1 Qc2 25. Qb3 Nf5 26. g3 Qd2 27. Rf1 Nxd4 28. Bxd4 Qxd4 29. Re1 Qd2 30. Rd1 Qe2 31. Qa4 b5 32. Qb3 a6 33. a4 b4 34. a5 Qc2 35. Rb1 Qxb3 36. Rxb3 Rc2 37. a3 bxa3 38. Rxa3 Rc5 39. f4 h5 40. Kf2 Kh7 41. Kf3 Kg6 42. g4 d4 0-1

[Event "Innsbruck op"]
[Site "Innsbruck"]
[Date "2024.08.29"]
[Round "7"]
[White "Miazhynski, Michael"]
[Black "Seifert, Volker"]
[Result "1/2-1/2"]
[WhiteElo "2178"]
[BlackElo "2260"]
[PlyCount "91"]
[EventDate "2024.08.24"]
[EventType "swiss"]
[EventRounds "9"]
[EventCountry "AUT"]
[SourceTitle "CBM 221 Extra"]
[Source "ChessBase"]
[SourceDate "2024.09.30"]
[SourceVersion "1"]
[SourceVersionDate "2024.09.30"]
[SourceQuality "1"]

1. e4 e6 2. d4 d5 3. exd5 exd5 4. Nf3 Nc6 5. Bd3 Bg4 6. c3 Bd6 7. 0-0 Nge7 8. h3 Bh5 9. b4 Qd7 10. Be2 a6 11. Nbd2 0-0 12. a4 a5 13. b5 Nd8 14. Re1 Bg6 15. Nh4 Ne6 16. Nxg6 hxg6 17. Nf3 Nf4 18. Bf1 f6 19. Ra2 Rfe8 20. g3 Nxh3+ 21. Kh2 Kf7 22. Bxh3 Rh8 23. Ng1 Rxh3+ 24. Nxh3 Rh8 25. Kg1 Qxh3 26. Qf3 Rh5 27. Qg2 Qg4 28. Ba3 Bxa3 29. Rxa3 Rf5 30. Ra2 Rf3 31. Rc2 Nf5 32. Kh2 Nd6 33. Qh3 Qxh3+ 34. Kxh3 g5 35. Kg4 Rd3 36. Re3 Rxe3 37. fxe3 Nc4 38. Kf3 g4+ 39. Ke2 Kg6 40. Kd3 f5 41. Rf2 Nd6 42. Rh2 Ne4 43. Rg2 Nd6 44. Rh2 Ne4 45. Rg2 Nd6 46. Rh2 1/2-1/2

[Event "Innsbruck op"]
[Site "Innsbruck"]
[Date "2024.08.28"]
[Round "6"]
[White "Seifert, Volker"]
[Black "Unterweger, Jonas"]
[Result "1-0"]
[WhiteElo "2260"]
[BlackElo "2030"]
[PlyCount "35"]
[EventDate "2024.08.24"]
[EventType "swiss"]
[EventRounds "9"]
[EventCountry "AUT"]
[SourceTitle "CBM 221 Extra"]
[Source "ChessBase"]
[SourceDate "2024.09.30"]
[SourceVersion "1"]
[SourceVersionDate "2024.09.30"]
[SourceQuality "1"]

1. d4 d5 2. c4 e6 3. Nc3 Nf6 4. cxd5 exd5 5. Bg5 Be7 6. e3 0-0 7. Bd3 Nbd7 8. Nf3 c6 9. Qc2 Re8 10. 0-0 Nf8 11. Ne5 g6 12. h3 Ne6 13. f4 Ng7 14. g4 Ne4 15. Nxe4 Bxg5 16. Nxg5 f6 17. Nef7 Qc7 18. Nh6+ 1-0

[Event "Innsbruck op"]
[Site "Innsbruck"]
[Date "2024.08.25"]
[Round "2"]
[White "Seifert, Volker"]
[Black "Van Dam, Niels"]
[Result "1/2-1/2"]
[WhiteElo "2260"]
[BlackElo "2116"]
[PlyCount "33"]
[EventDate "2024.08.24"]
[EventType "swiss"]
[EventRounds "9"]
[EventCountry "AUT"]
[SourceTitle "CBM 221 Extra"]
[Source "ChessBase"]
[SourceDate "2024.09.30"]
[SourceVersion "1"]
[SourceVersionDate "2024.09.30"]
[SourceQuality "1"]

1. d4 f5 2. g3 e6 3. Bg2 Nf6 4. Nf3 d6 5. 0-0 Be7 6. c4 0-0 7. Nc3 Ne4 8. Qc2 Nxc3 9. Qxc3 a5 10. b3 Nc6 11. Bb2 Bf6 12. Rad1 Qe8 13. Qd2 e5 14. dxe5 dxe5 15. Ba3 Be7 16. Bb2 Bf6 17. Ba3 1/2-1/2

[Event "Innsbruck op"]
[Site "Innsbruck"]
[Date "2024.08.24"]
[Round "1"]
[White "Sindermann, Peter"]
[Black "Seifert, Volker"]
[Result "0-1"]
[WhiteElo "1927"]
[BlackElo "2260"]
[PlyCount "94"]
[EventDate "2024.08.24"]
[EventType "swiss"]
[EventRounds "9"]
[EventCountry "AUT"]
[SourceTitle "CBM 221 Extra"]
[Source "ChessBase"]
[SourceDate "2024.09.30"]
[SourceVersion "1"]
[SourceVersionDate "2024.09.30"]
[SourceQuality "1"]

1. c4 e6 2. Nc3 Nf6 3. d4 Bb4 4. Bd2 b6 5. e3 Bb7 6. Nf3 0-0 7. Be2 d5 8. 0-0 Bxc3 9. Bxc3 Ne4 10. Qc2 Nd7 11. Nd2 f5 12. f3 Qg5 13. Nxe4 fxe4 14. f4 Qe7 15. b4 dxc4 16. Bxc4 Bd5 17. Qb3 Nf6 18. b5 Bxc4 19. Qxc4 Nd5 20. Bd2 Qa3 21. Rae1 a6 22. bxa6 Qxa6 23. Qc6 b5 24. Qxa6 Rxa6 25. Ra1 Rfa8 26. f5 Kf7 27. Rf2 Rxa2 28. Raf1 b4 29. fxe6+ Kxe6 30. Rb1 R8a4 31. g4 Ra1 32. Rff1 Rxb1 33. Rxb1 Ra8 34. Kf2 Rb8 35. Rb3 Kd7 36. h4 Kc6 37. Ke2 Kb5 38. Kd1 Kc4 39. Kc2 Ra8 40. Rb2 Ra3 41. g5 g6 42. Kd1 b3 43. Bc1 Ra2 44. Kd2 Rxb2+ 45. Bxb2 Ne7 46. Ke2 Nf5 47. Kf2 Kd3 0-1

[Event "AUT-chT2W 2324"]
[Site "Austria"]
[Date "2023.11.11"]
[Round "4.1"]
[White "Bensch, Patrick"]
[Black "Seifert, Volker"]
[Result "0-1"]
[WhiteElo "2117"]
[BlackElo "2255"]
[PlyCount "64"]
[EventDate "2023.09.29"]
[EventType "team-tourn"]
[EventRounds "11"]
[EventCountry "AUT"]
[SourceTitle "EXT 2025"]
[Source "ChessBase"]
[SourceDate "2024.10.14"]
[SourceVersion "1"]
[SourceVersionDate "2024.10.14"]
[SourceQuality "1"]
[WhiteTeam "Ranshofen"]
[BlackTeam "Kufstein/Woergl"]
[WhiteTeamCountry "AUT"]
[BlackTeamCountry "AUT"]

1. e4 e6 2. d4 d5 3. Nc3 Bb4 4. e5 Ne7 5. a3 Bxc3+ 6. bxc3 c5 7. Nf3 Bd7 8. a4 Qa5 9. Bd2 Nbc6 10. c4 Qc7 11. cxd5 exd5 12. c3 Bg4 13. Be3 cxd4 14. cxd4 Nf5 15. Be2 Nxe3 16. fxe3 0-0 17. 0-0 f6 18. Rc1 Qe7 19. h3 Bh5 20. g4 Bg6 21. Bb5 Nb4 22. Qd2 a6 23. Be2 Nc6 24. Qb2 Kh8 25. Rc5 fxe5 26. Rxd5 exd4 27. exd4 Qe3+ 28. Kg2 Be4 29. Rd7 Rad8 30. Rxd8 Rxd8 31. Kh2 Qf4+ 32. Kg2 Nxd4 0-1

[Event "Mittelfranken Landesliga Sued 2223"]
[Site "Mittelfranken"]
[Date "2023.04.23"]
[Round "9.1"]
[White "Schmidt, Georg"]
[Black "Seifert, Volker"]
[Result "1/2-1/2"]
[WhiteElo "2241"]
[BlackElo "2257"]
[PlyCount "53"]
[EventDate "2022.10.09"]
[EventType "team-tourn"]
[EventRounds "9"]
[EventCountry "GER"]
[SourceTitle "EXT 2024"]
[Source "ChessBase"]
[SourceDate "2023.10.10"]
[SourceVersion "1"]
[SourceVersionDate "2023.10.10"]
[SourceQuality "1"]
[WhiteTeam "Unterhaching"]
[BlackTeam "Garching II"]
[WhiteTeamCountry "GER"]
[BlackTeamCountry "GER"]

1. e4 e6 2. d4 d5 3. Nd2 Nf6 4. e5 Nfd7 5. f4 c5 6. c3 Nc6 7. Ndf3 Qb6 8. a3 a5 9. b3 Be7 10. Be3 f6 11. Kd2 g5 12. exf6 gxf4 13. fxe7 fxe3+ 14. Kc2 Nf6 15. Ne2 Ng4 16. Qd3 e5 17. dxe5 c4 18. Qxd5 Bf5+ 19. Kc1 Qxb3 20. Ne1 Nf2 21. e6 Nxe7 22. Qd4 0-0 23. Qxe3 Qd1+ 24. Kb2 Qb3+ 25. Kc1 Qd1+ 26. Kb2 Qb3+ 27. Kc1 1/2-1/2

[Event "Oberliga Bayern 2122"]
[Site "Bayern"]
[Date "2022.06.26"]
[Round "3.6"]
[White "Delitzsch, Juergen"]
[Black "Seifert, Volker"]
[Result "1-0"]
[WhiteElo "2176"]
[BlackElo "2273"]
[PlyCount "77"]
[EventDate "2021.10.24"]
[EventType "team-tourn"]
[EventRounds "9"]
[EventCountry "GER"]
[SourceTitle "EXT 2024"]
[Source "ChessBase"]
[SourceDate "2023.10.10"]
[SourceVersion "1"]
[SourceVersionDate "2023.10.10"]
[SourceQuality "1"]
[WhiteTeam "Bindlach Aktionaer"]
[BlackTeam "Garching"]
[WhiteTeamCountry "GER"]
[BlackTeamCountry "GER"]

1. e4 e6 2. d4 d5 3. Nd2 Nf6 4. e5 Nfd7 5. Bd3 c5 6. c3 Nc6 7. Ne2 Be7 8. 0-0 cxd4 9. cxd4 a5 10. f4 Nb6 11. Nf3 h5 12. Nc3 Bd7 13. a3 a4 14. Qe2 Na5 15. Be3 g6 16. Rac1 Nbc4 17. Bf2 Qb6 18. Rc2 0-0-0 19. Nd2 Qa6 20. Nxc4 dxc4 21. Be4 Bc6 22. Rd1 Bxe4 23. Qxe4 b5 24. d5 exd5 25. Nxd5 Kb8 26. Qe1 Nc6 27. Rcd2 Rde8 28. Nxe7 Rxe7 29. Bc5 Re6 30. Rd6 Rhe8 31. Qe4 Qc8 32. Rd7 f5 33. Qd5 Ka8 34. Bb6 R6e7 35. Rxe7 Rxe7 36. Qxb5 Rb7 37. Qa6+ Kb8 38. Bc5 Rc7 39. Qxa4 1-0

[Event "Oberliga Bayern 2122"]
[Site "Bayern"]
[Date "2022.05.08"]
[Round "8.5"]
[White "Kostic, Vladimir G"]
[Black "Seifert, Volker"]
[Result "1/2-1/2"]
[WhiteElo "2204"]
[BlackElo "2273"]
[PlyCount "44"]
[EventDate "2021.10.24"]
[EventType "team-tourn"]
[EventRounds "9"]
[EventCountry "GER"]
[SourceTitle "EXT 2024"]
[Source "ChessBase"]
[SourceDate "2023.10.10"]
[SourceVersion "1"]
[SourceVersionDate "2023.10.10"]
[SourceQuality "1"]
[WhiteTeam "Muenchen Suedost"]
[BlackTeam "Garching"]
[WhiteTeamCountry "GER"]
[BlackTeamCountry "GER"]

1. e4 e6 2. Nf3 d5 3. exd5 exd5 4. d4 Bd6 5. Bd3 Bg4 6. c4 Nf6 7. Qe2+ Be7 8. h3 Bxf3 9. Qxf3 Nc6 10. 0-0 0-0 11. cxd5 Qxd5 12. Qxd5 Nxd5 13. Nc3 Ndb4 14. Be4 Nxd4 15. Bxb7 Rab8 16. Be4 f5 17. Bd5+ Nxd5 18. Nxd5 Bd6 19. Rd1 Nc2 20. Rb1 Na3 21. Ra1 Nc2 22. Rb1 Na3 1/2-1/2

[Event "Innsbruck op 5th"]
[Site "Innsbruck"]
[Date "2021.08.28"]
[Round "9"]
[White "Gatterer, Florian"]
[Black "Seifert, Volker"]
[Result "1/2-1/2"]
[WhiteElo "2155"]
[BlackElo "2283"]
[PlyCount "31"]
[EventDate "2021.08.21"]
[EventType "swiss"]
[EventRounds "9"]
[EventCountry "AUT"]
[SourceTitle "CBM 204 Extra"]
[Source "ChessBase"]
[SourceDate "2021.11.30"]
[SourceVersion "1"]
[SourceVersionDate "2021.11.30"]
[SourceQuality "1"]

1. d4 e6 2. Bf4 Nf6 3. e3 b6 4. Qf3 d5 5. Bb5+ c6 6. Bd3 Ba6 7. Nc3 Bb4 8. Nge2 c5 9. Bxa6 Nxa6 10. 0-0 cxd4 11. exd4 0-0 12. Nb5 Qd7 13. Qd3 Rac8 14. c3 Be7 15. a4 Nb8 16. Na3 1/2-1/2

[Event "Innsbruck op 5th"]
[Site "Innsbruck"]
[Date "2021.08.22"]
[Round "2"]
[White "Seifert, Volker"]
[Black "Stolyarsky, Yegor"]
[Result "0-1"]
[WhiteElo "2283"]
[BlackElo "2052"]
[PlyCount "76"]
[EventDate "2021.08.21"]
[EventType "swiss"]
[EventRounds "9"]
[EventCountry "AUT"]
[SourceTitle "CBM 204 Extra"]
[Source "ChessBase"]
[SourceDate "2021.11.30"]
[SourceVersion "1"]
[SourceVersionDate "2021.11.30"]
[SourceQuality "1"]

1. d4 Nf6 2. c4 g6 3. Nc3 Bg7 4. e4 d6 5. f3 0-0 6. Be3 a6 7. Nge2 c6 8. Qd2 b5 9. Nc1 e5 10. dxe5 dxe5 11. Qxd8 Rxd8 12. Nb3 Be6 13. Nc5 Bxc4 14. Bxc4 bxc4 15. N3a4 Nbd7 16. 0-0-0 Nxc5 17. Bxc5 Nh5 18. Rxd8+ Rxd8 19. Rd1 Rxd1+ 20. Kxd1 Nf4 21. g3 Ne6 22. Kd2 f5 23. Kc3 Ng5 24. Kxc4 Nxf3 25. Be3 Nxh2 26. Nc5 Nf1 27. Bf2 Nd2+ 28. Kb4 Bf8 29. Ka5 Bxc5 30. Bxc5 Nxe4 31. Bb4 f4 32. gxf4 exf4 33. Kxa6 f3 34. Be1 g5 35. a4 g4 36. a5 g3 37. Kb7 f2 38. Bxf2 gxf2 0-1

[Event "Innsbruck op 5th"]
[Site "Innsbruck"]
[Date "2021.08.21"]
[Round "1"]
[White "Arnhold, Steffi"]
[Black "Seifert, Volker"]
[Result "1/2-1/2"]
[WhiteElo "2061"]
[BlackElo "2283"]
[PlyCount "60"]
[EventDate "2021.08.21"]
[EventType "swiss"]
[EventRounds "9"]
[EventCountry "AUT"]
[SourceTitle "CBM 204 Extra"]
[Source "ChessBase"]
[SourceDate "2021.11.30"]
[SourceVersion "1"]
[SourceVersionDate "2021.11.30"]
[SourceQuality "1"]

1. e4 e6 2. d4 d5 3. Nc3 Bb4 4. e5 Ne7 5. a3 Bxc3+ 6. bxc3 c5 7. Bd3 Bd7 8. Qg4 c4 9. Bf1 Nf5 10. Qe2 Qa5 11. Bd2 Ba4 12. Qd1 Nd7 13. g3 0-0-0 14. Bg2 Kb8 15. Nf3 h6 16. h4 Rc8 17. Rb1 Rc6 18. 0-0 Rb6 19. Rb4 Ne7 20. h5 Nc6 21. Rxb6 Qxb6 22. Qc1 Ne7 23. Nh4 Rf8 24. Bh3 f6 25. exf6 Nxf6 26. Re1 Bd7 27. Bf4+ Ka8 28. Qe3 Nf5 29. Qe5 Nxh4 30. gxh4 a6 1/2-1/2

[Event "Oberliga Bayern 1920"]
[Site "Bayern"]
[Date "2020.02.09"]
[Round "6.4"]
[White "Seifert, Volker"]
[Black "Prediger, Rupert"]
[Result "1-0"]
[WhiteElo "2246"]
[BlackElo "2195"]
[PlyCount "53"]
[EventDate "2019.10.20"]
[EventType "team-tourn"]
[EventRounds "9"]
[EventCountry "GER"]
[SourceTitle "EXT 2022"]
[Source "ChessBase"]
[SourceDate "2021.10.06"]
[SourceVersion "1"]
[SourceVersionDate "2021.10.06"]
[SourceQuality "1"]
[WhiteTeam "Garching II"]
[BlackTeam "Pang/Rosenheim"]
[WhiteTeamCountry "GER"]
[BlackTeamCountry "GER"]

1. d4 c5 2. d5 d6 3. c4 g6 4. e4 Bg7 5. Nc3 e6 6. dxe6 Bxe6 7. Nf3 Ne7 8. Be2 0-0 9. 0-0 Nbc6 10. Be3 Qd7 11. Qd2 Rad8 12. Rac1 b6 13. Nd5 Ne5 14. Ng5 Bxd5 15. cxd5 h6 16. Nh3 Ng4 17. Bxg4 Qxg4 18. Bxh6 Rfe8 19. Bxg7 Kxg7 20. f3 Qd7 21. Ng5 b5 22. Rf2 b4 23. b3 Rh8 24. Qb2+ Kg8 25. f4 Rh5 26. Qf6 Nc8 27. Nxf7 1-0

[Event "Oberliga Bayern 1920"]
[Site "Bayern"]
[Date "2020.01.19"]
[Round "5.5"]
[White "Ott, Florian"]
[Black "Seifert, Volker"]
[Result "1-0"]
[WhiteElo "2248"]
[BlackElo "2246"]
[PlyCount "71"]
[EventDate "2019.10.20"]
[EventType "team-tourn"]
[EventRounds "9"]
[EventCountry "GER"]
[SourceTitle "EXT 2021"]
[Source "ChessBase"]
[SourceDate "2020.10.23"]
[SourceVersion "1"]
[SourceVersionDate "2020.10.23"]
[SourceQuality "1"]
[WhiteTeam "Erlangen SC"]
[BlackTeam "Garching II"]
[WhiteTeamCountry "GER"]
[BlackTeamCountry "GER"]

1. c4 e6 2. Nc3 Nf6 3. d4 Bb4 4. e3 c5 5. Nge2 b6 6. a3 Ba5 7. Rb1 Na6 8. g3 Bb7 9. d5 b5 10. Bg2 bxc4 11. 0-0 0-0 12. e4 d6 13. dxe6 fxe6 14. Qa4 d5 15. Nf4 Bxc3 16. bxc3 Qc8 17. Bh3 Bc6 18. Qa5 Re8 19. exd5 Nxd5 20. Re1 Nxf4 21. Bxf4 Bd5 22. Qa4 Nb8 23. Rb2 Nd7 24. Rd2 Nf6 25. Be5 Ne4 26. Rxd5 Ng5 27. Bg2 exd5 28. Bxd5+ Kh8 29. Bxa8 Qxa8 30. Qxe8+ Qxe8 31. Bxg7+ Kxg7 32. Rxe8 Nf3+ 33. Kg2 Nd2 34. Re5 Nb1 35. Rxc5 Nxa3 36. Rc7+ 1-0

[Event "Bayern-chI Bank Hofmann 23rd"]
[Site "Tegernsee"]
[Date "2019.11.03"]
[Round "9"]
[White "Seifert, Volker"]
[Black "Shevchenko, Kirill"]
[Result "0-1"]
[WhiteElo "2300"]
[BlackElo "2542"]
[PlyCount "80"]
[EventDate "2019.10.26"]
[EventType "swiss"]
[EventRounds "9"]
[EventCountry "GER"]
[SourceTitle "CBM 192 Extra"]
[Source "Chessbase"]
[SourceDate "2019.11.06"]
[SourceVersion "1"]
[SourceVersionDate "2019.11.06"]
[SourceQuality "1"]

1. d4 Nf6 2. c4 g6 3. Nc3 Bg7 4. e4 d6 5. f3 0-0 6. Be3 a6 7. Nge2 Nbd7 8. d5 Ne5 9. Ng3 h5 10. Be2 e6 11. 0-0 exd5 12. cxd5 c6 13. a4 h4 14. Nh1 cxd5 15. exd5 Re8 16. Qd2 Bf5 17. a5 Nfd7 18. Na4 Rc8 19. Rac1 Rxc1 20. Rxc1 h3 21. Ng3 hxg2 22. Nxf5 gxf5 23. Kxg2 Ng6 24. Bd1 Nde5 25. Nb6 Nh4+ 26. Kf2 Nhxf3 27. Bxf3 Qh4+ 28. Kg2 Nxf3 29. Kxf3 Rxe3+ 30. Qxe3 Qg4+ 31. Kf2 Bd4 32. Nc4 Qf4+ 33. Ke2 Qxh2+ 34. Kd3 Bxe3 35. Nxe3 Qxb2 36. Rc8+ Kh7 37. Nxf5 Qb1+ 38. Rc2 Qb3+ 39. Rc3 Qxd5+ 40. Nd4 Qxa5 0-1

[Event "Bayern-chI Bank Hofmann 23rd"]
[Site "Tegernsee"]
[Date "2019.10.31"]
[Round "6"]
[White "Freundorfer, Josef"]
[Black "Seifert, Volker"]
[Result "0-1"]
[WhiteElo "2111"]
[BlackElo "2300"]
[PlyCount "80"]
[EventDate "2019.10.26"]
[EventType "swiss"]
[EventRounds "9"]
[EventCountry "GER"]
[SourceTitle "CBM 192 Extra"]
[Source "Chessbase"]
[SourceDate "2019.11.06"]
[SourceVersion "1"]
[SourceVersionDate "2019.11.06"]
[SourceQuality "1"]

1. e4 c5 2. Nf3 Nc6 3. Bb5 g6 4. Bxc6 dxc6 5. d3 Bg7 6. 0-0 Nf6 7. Qe2 Bg4 8. Nbd2 Nd7 9. h3 Bxf3 10. Nxf3 e5 11. a4 a5 12. b3 Nf8 13. Bb2 Qc7 14. Nd2 Ne6 15. Nc4 0-0 16. Bc3 b6 17. Rae1 Rae8 18. g3 Nd4 19. Qd1 f5 20. Bxd4 cxd4 21. f3 b5 22. Na3 Qd6 23. Qa1 Qb4 24. Nb1 Bh6 25. Re2 Be3+ 26. Kg2 Rf7 27. axb5 cxb5 28. c3 Qxb3 29. Rb2 Qe6 30. Rxb5 fxe4 31. dxe4 Qc4 32. Qb2 dxc3 33. Nxc3 Bd4 34. Rc1 Rc8 35. Rb3 Rfc7 36. Qa3 Bxc3 37. Qa2 a4 38. Ra3 Qxa2+ 39. Rxa2 Rc4 40. Rac2 a3 0-1

[Event "Bayern-chI Bank Hofmann 23rd"]
[Site "Tegernsee"]
[Date "2019.10.28"]
[Round "3"]
[White "Seifert, Volker"]
[Black "Schatz, Christian"]
[Result "1-0"]
[WhiteElo "2300"]
[BlackElo "2152"]
[PlyCount "120"]
[EventDate "2019.10.26"]
[EventType "swiss"]
[EventRounds "9"]
[EventCountry "GER"]
[SourceTitle "CBM 192 Extra"]
[Source "Chessbase"]
[SourceDate "2019.11.06"]
[SourceVersion "1"]
[SourceVersionDate "2019.11.06"]
[SourceQuality "1"]

1. d4 Nf6 2. c4 e6 3. Nc3 d5 4. cxd5 exd5 5. Bg5 Be7 6. e3 0-0 7. Bd3 Nbd7 8. Nf3 c6 9. Qc2 Re8 10. 0-0 Nf8 11. Rab1 Ne4 12. Bxe7 Qxe7 13. b4 a6 14. a4 Bf5 15. b5 axb5 16. axb5 Nxc3 17. Qxc3 Ra3 18. Rb3 Rxb3 19. Qxb3 Bxd3 20. Qxd3 Ne6 21. Rc1 Rc8 22. bxc6 Rxc6 23. Ra1 Rc8 24. Qb3 Qc7 25. g3 Qc3 26. Qxc3 Rxc3 27. Ra8+ Nf8 28. Ne5 Rc7 29. Rb8 f6 30. Nd3 Kf7 31. Nc5 Nd7 32. Rxb7 Rxb7 33. Nxb7 Ke7 34. g4 g5 35. f3 Nb6 36. Kf2 Ke6 37. e4 Nc4 38. Ke2 Nb2 39. Nc5+ Kd6 40. Nd3 Na4 41. Kd2 Nb6 42. Nb4 dxe4 43. fxe4 Nc4+ 44. Kd3 Nb2+ 45. Ke2 Ke6 46. Nd5 Nc4 47. Ne3 Nb2 48. Kd2 Na4 49. Nc4 Kd7 50. Kc2 Kc6 51. Kb3 Kb5 52. Nd6+ Ka5 53. Ne8 Nb6 54. Nxf6 h6 55. Ng8 Kb5 56. Nxh6 Nc4 57. Kc3 Ne3 58. Kd3 Nf1 59. e5 Kc6 60. Ke4 Nd2+ 1-0

[Event "BL2-Ost 1819"]
[Site "Germany"]
[Date "2019.03.23"]
[Round "9.6"]
[White "Voekler, Bernd"]
[Black "Seifert, Volker"]
[Result "1/2-1/2"]
[WhiteElo "2354"]
[BlackElo "2302"]
[PlyCount "49"]
[EventDate "2018.11.10"]
[EventType "team-tourn"]
[EventRounds "10"]
[EventCountry "GER"]
[SourceTitle "CBM 190 Extra"]
[Source "ChessBase"]
[SourceDate "2019.07.15"]
[SourceVersion "1"]
[SourceVersionDate "2019.07.15"]
[SourceQuality "1"]
[WhiteTeam "Erfurt"]
[BlackTeam "Garching"]
[WhiteTeamCountry "GER"]
[BlackTeamCountry "GER"]

1. e4 e6 2. d4 d5 3. Nc3 Bb4 4. e5 Ne7 5. a3 Bxc3+ 6. bxc3 c5 7. Qg4 0-0 8. Bd3 Qa5 9. Ne2 cxd4 10. Bh6 Ng6 11. h4 Nd7 12. f4 f5 13. Qg3 Rf7 14. h5 Ngf8 15. 0-0 dxc3 16. Bg5 Nc5 17. Rfb1 Bd7 18. Rb4 Rc8 19. Kh2 Qc7 20. Qe3 a6 21. Bh4 Nxd3 22. cxd3 c2 23. Be1 Be8 24. Rc1 b5 25. Rb2 1/2-1/2

[Event "Oberliga Bayern 1819"]
[Site "Bayern"]
[Date "2019.02.24"]
[Round "7.1"]
[White "Heika, Martin"]
[Black "Seifert, Volker"]
[Result "1/2-1/2"]
[WhiteElo "2375"]
[BlackElo "2321"]
[PlyCount "81"]
[EventDate "2018.10.21"]
[EventType "team-tourn"]
[EventRounds "9"]
[EventCountry "GER"]
[SourceTitle "EXT 2020"]
[Source "ChessBase"]
[SourceDate "2019.10.17"]
[SourceVersion "1"]
[SourceVersionDate "2019.10.17"]
[SourceQuality "1"]
[WhiteTeam "Kareth Lappersdorf"]
[BlackTeam "Garching II"]
[WhiteTeamCountry "GER"]
[BlackTeamCountry "GER"]

1. e4 e6 2. d4 d5 3. Nc3 Bb4 4. e5 Ne7 5. Bd2 c5 6. Nb5 Bxd2+ 7. Qxd2 0-0 8. f4 Qb6 9. 0-0-0 Bd7 10. dxc5 Qxc5 11. Nd4 Nbc6 12. Ngf3 Nxd4 13. Nxd4 Nc6 14. Nf3 Rfc8 15. Kb1 Ne7 16. g4 Bb5 17. Bxb5 Qxb5 18. Nd4 Qd7 19. Rhf1 Nc6 20. c3 Qe7 21. Qe3 Qh4 22. h3 Nxd4 23. Rxd4 Rc4 24. Rxc4 dxc4 25. Rd1 Rd8 26. Rd6 h6 27. a4 a6 28. g5 Rf8 29. gxh6 Qxh6 30. Ka2 Qg6 31. Qd4 Rc8 32. Rd8+ Rxd8 33. Qxd8+ Kh7 34. Qh4+ Kg8 35. Qd8+ Kh7 36. Qd4 b5 37. axb5 axb5 38. Qf2 Qe4 39. Qh4+ Kg8 40. Qd8+ Kh7 41. Qh4+ 1/2-1/2

[Event "BL2-Ost 1819"]
[Site "Germany"]
[Date "2018.12.16"]
[Round "4.7"]
[White "Lokander, Martin"]
[Black "Seifert, Volker"]
[Result "1-0"]
[WhiteElo "2405"]
[BlackElo "2320"]
[PlyCount "87"]
[EventDate "2018.11.10"]
[EventType "team-tourn"]
[EventRounds "10"]
[EventCountry "GER"]
[SourceTitle "CBM 190 Extra"]
[Source "ChessBase"]
[SourceDate "2019.07.15"]
[SourceVersion "1"]
[SourceVersionDate "2019.07.15"]
[SourceQuality "1"]
[WhiteTeam "Muenchen Bayern"]
[BlackTeam "Garching"]
[WhiteTeamCountry "GER"]
[BlackTeamCountry "GER"]

1. c4 e5 2. Nc3 f5 3. d4 e4 4. g4 fxg4 5. h3 g3 6. Nxe4 gxf2+ 7. Nxf2 d5 8. cxd5 Qxd5 9. Nf3 Nf6 10. Bg2 Bb4+ 11. Bd2 Bxd2+ 12. Qxd2 0-0 13. 0-0 Nc6 14. e4 Qa5 15. Qxa5 Nxa5 16. Rac1 Ne8 17. d5 b6 18. b4 Nb7 19. e5 a5 20. a3 axb4 21. axb4 Ra4 22. Nd4 Rf4 23. Nc6 Bd7 24. d6 cxd6 25. Ne7+ Kf8 26. Nd5 Rf7 27. Nxb6 Rxb4 28. Nxd7+ Ke7 29. Rfe1 Rxf2 30. Kxf2 Kxd7 31. Bc6+ Kd8 32. e6 Ke7 33. Bxe8 Nc5 34. Bd7 Nd3+ 35. Ke3 Nxe1 36. Rxe1 Rb3+ 37. Kd4 Rxh3 38. Rf1 Rh4+ 39. Kd5 Rh5+ 40. Kc6 Rc5+ 41. Kb6 g5 42. Rf7+ Kd8 43. Bc6 Re5 44. e7+ 1-0

[Event "Landesliga Sued 1718"]
[Site "Bayern"]
[Date "2018.01.21"]
[Round "5.2"]
[White "Seifert, Volker"]
[Black "Ager, Josef"]
[Result "0-1"]
[WhiteElo "2249"]
[BlackElo "2197"]
[PlyCount "60"]
[EventDate "2017.10.22"]
[EventType "team-tourn"]
[EventRounds "9"]
[EventCountry "GER"]
[SourceTitle "EXT 2022"]
[Source "ChessBase"]
[SourceDate "2021.10.06"]
[SourceVersion "1"]
[SourceVersionDate "2021.10.06"]
[SourceQuality "1"]
[WhiteTeam "Garching II"]
[BlackTeam "Rottal Inn"]
[WhiteTeamCountry "GER"]
[BlackTeamCountry "GER"]

1. d4 d6 2. e4 Nf6 3. f3 e5 4. d5 Be7 5. Be3 0-0 6. Bd3 c6 7. c4 b5 8. Ne2 bxc4 9. Bxc4 Bb7 10. Nbc3 Nbd7 11. dxc6 Bxc6 12. Nd5 Nxd5 13. Bxd5 Bxd5 14. exd5 Bg5 15. Bf2 Qa5+ 16. Nc3 Rab8 17. Qe2 f5 18. 0-0 Rfc8 19. Rfd1 g6 20. g3 Bh6 21. Kg2 Nb6 22. Bxb6 Qxb6 23. Rab1 Rc7 24. Rd3 Bg7 25. Re3 Qa5 26. Rf1 Qb4 27. Rb1 e4 28. Nxe4 fxe4 29. Rb3 exf3+ 30. Kxf3 Rf8+ 0-1